000 00764nam a22001337a 4500
040 _cRUA
082 _aAGR ROM 2021 B1.598 Or.
100 _aROM PHEAKDEY រ៉ុម ភក្តី
245 _aTHE INFLUENCE OF BIO-PESTICIDE AND BOTANICAL EXTRACT TO CONTROL INSECT PEST ON CABBAGE. ឥទ្ធិពលនៃថ្នាំជីវសាស្ត្រនិងថ្នាំពុលធម្មជាតិក្នងការគ្រប់គ្រងវត្តមានសត្វល្អិតចង្រៃនៅលើដំណាំស្ពៃក្តោប
260 _aPhnom Penh
_bRUA
_c2021
300 _aIX.37P
_bVII.
_c29CM
856 _uhttps://drive.google.com/file/d/19kLNuN2v1854Eeh0EUjN21jbn5kZY9Oo/view?usp=sharing
942 _cAGR
999 _c21589
_d21589